[Event "Hasselbacken Open 2016"]
[Site "Stockholm SWE"]
[Date "2016.05.08"]
[Round "9.57"]
[White "Halvarsson, Gustav"]
[Black "Morros Faura, Ricard"]
[Result "0-1"]
[WhiteElo "1878"]
[BlackElo "2205"]
[WhiteFideId "1721437"]
[BlackFideId "2294311"]
[EventDate "2016.04.30"]

1. f4 g6 2. Nf3 Bg7 3. e4 d6 4. d4 Bg4 5. c3 Nf6 6. Bd3 O-O 7. h3 Bxf3 8. Qxf3
c5 9. dxc5 dxc5 10. e5 Nd5 11. Be4 e6 12. O-O Nc6 13. Rd1 Qb6 14. Bxd5 exd5 15.
Rxd5 Rad8 16. Rxd8 Rxd8 17. Na3 c4+ 18. Kh2 Na5 19. Qe2 Qe6 20. Be3 g5 21. Rd1
Rxd1 22. Qxd1 Nc6 23. g3 gxf4 24. gxf4 Nxe5 25. Qd8+ Bf8 26. Bc5 Ng6 27. Bxf8
Qe2+ 28. Kg1 Qe1+ 29. Kh2 Qf2+ 30. Kh1 Qf1+ 31. Kh2 Qxf4+ 32. Kg1 Qg3+ 33. Kf1
Qxh3+ 34. Ke1 Qh1+ 35. Kd2 Qg2+ 36. Kc1 Nxf8 37. Qd2 Qg4 38. Qd4 Qxd4 39. cxd4
Ne6 40. d5 Nf4 41. d6 Kf8 42. Nxc4 Ke8 43. Na5 h5 44. Nxb7 h4 45. d7+ Kxd7 46.
Nc5+ Kc6 47. Ne4 h3 48. Nf2 h2 49. Kd2 Nd5 50. Ke2 Nb4 51. a3 Nd5 52. Kf3 Kb5
53. Kg2 Kc4 54. Kxh2 Kb3 55. Nd3 Kc2 56. Ne5 f6 57. Nc6 a6 58. Kg3 Kxb2 59. Kg4
Kxa3 60. Kf5 Kb3 61. Ke6 Kc4 62. Na5+ Kd4 63. Nb3+ Kc4 64. Na5+ Kb5 65. Nb3 Kb4
66. Nd4 Kc4 67. Nc6 f5 68. Kxf5 Ne7+ 69. Nxe7 a5 70. Ke4 a4 71. Nd5 a3 72. Ne3+
Kc3 73. Nd5+ Kb3 0-1

[Event "Hasselbacken Open 2016"]
[Site "Stockholm SWE"]
[Date "2016.05.08"]
[Round "9.58"]
[White "Lundvik, Jonas"]
[Black "Wahlund, Max"]
[Result "1-0"]
[WhiteElo "2204"]
[BlackElo "2023"]
[WhiteFideId "1704567"]
[BlackFideId "1741861"]
[EventDate "2016.04.30"]

1. d4 d5 2. Nf3 e6 3. g3 f5 4. Bg2 Nf6 5. O-O Bd6 6. c4 c6 7. Nc3 O-O 8. Qc2 Ne4
9. Rb1 a5 10. a3 Qe8 11. b4 axb4 12. axb4 Nd7 13. b5 Ndf6 14. Bf4 Be7 15. Ne5 g5
16. Nxe4 Nxe4 17. Bc1 Nd6 18. Bd2 Nf7 19. Ra1 Rxa1 20. Rxa1 Nxe5 21. dxe5 dxc4
22. bxc6 bxc6 23. Qxc4 Bd7 24. Ra7 Rf7 25. Qa4 Bc5 26. Ra8 Bc8 27. Bxg5 f4 28.
gxf4 Rg7 29. Qxc6 1-0

[Event "Hasselbacken Open 2016"]
[Site "Stockholm SWE"]
[Date "2016.05.08"]
[Round "9.59"]
[White "Brzezinski, Adam"]
[Black "Subramanian, Aditya"]
[Result "1/2-1/2"]
[WhiteElo "2203"]
[BlackElo "2002"]
[WhiteFideId "1710460"]
[BlackFideId "1718924"]
[EventDate "2016.04.30"]

1. d4 Nf6 2. c4 e6 3. Nc3 Bb4 4. e3 O-O 5. Ne2 d5 6. a3 Bd6 7. Ng3 c5 8. dxc5
Bxc5 9. b4 Bb6 10. cxd5 exd5 11. Na4 Bc7 12. Be2 Nc6 13. Bb2 a5 14. b5 Ne5 15.
Rc1 Re8 16. Qc2 Bd6 17. Nf5 Bxf5 18. Qxf5 Qe7 19. O-O Bxa3 20. Bxe5 Qxe5 21.
Qxe5 Rxe5 22. Ra1 Bb4 23. Bf3 Rd8 24. Rac1 d4 25. exd4 Rxb5 26. Rc7 g6 27. Be2
Rbd5 28. Nb6 Rxd4 29. Rxb7 Nd5 30. Nxd5 R8xd5 31. Rc1 Rd6 32. Kf1 Rd7 33. Rcc7
Rxc7 34. Rxc7 Kf8 35. g3 a4 36. Rc4 Rxc4 1/2-1/2

[Event "Hasselbacken Open 2016"]
[Site "Stockholm SWE"]
[Date "2016.05.08"]
[Round "9.60"]
[White "Ronneland, Daniel"]
[Black "Bloem, Mark"]
[Result "0-1"]
[WhiteElo "2196"]
[BlackElo "1976"]
[WhiteFideId "1702130"]
[BlackFideId "1020331"]
[EventDate "2016.04.30"]

1. e4 e5 2. Nf3 Nc6 3. Bb5 a6 4. Ba4 Nf6 5. O-O Be7 6. Re1 b5 7. Bb3 d6 8. c3
Na5 9. Bc2 c5 10. d4 Qc7 11. d5 O-O 12. Nbd2 Bd7 13. Nf1 Nc4 14. b3 Nb6 15. Ng3
a5 16. Bg5 Ra7 17. Nh4 Nfxd5 18. exd5 Bxg5 19. Qh5 h6 20. Rad1 Bxh4 21. Qxh4 Qd8
22. Qh5 Bc8 23. Re3 Qe8 24. Ne4 Qd8 25. Ng3 Bd7 26. h4 Nc8 27. Rf3 Ne7 28. Ne4
f5 29. Nxd6 Rf6 30. Nxf5 Bxf5 31. Bxf5 g6 32. Qxh6 Nxf5 33. Rxf5 gxf5 34. Qg5+
Rg7 35. Qe3 Qd6 36. c4 b4 37. h5 Rh6 38. f4 e4 39. Qh3 Rg4 0-1